| 000 | 00434cam a2200169ua 4500 | ||
|---|---|---|---|
| 020 | _c10.00 | ||
| 041 |
_aeng _h |
||
| 082 |
_a621.4025 _bSHA/SO |
||
| 100 | _aShahane, . | ||
| 245 |
_aSolutions of problems in heat engines and thermodynamics / _cShahane. _hTextual Documents |
||
| 260 |
_aDelhi : _bLachman book service , _c1963. |
||
| 300 | _a ; . | ||
| 365 | _a10.00 | ||
| 504 | _a | ||
| 942 | _cBK | ||
| 999 |
_c3143 _d3143 |
||